000 00910nmm a2200289 a 4500
001 ocm000588516
003 TR-IsHL
005 20201028121226.0
008 130705s2003 tu tur
007 cr cn
020 _a9789757699743
035 _a588516
_b(N$T)
050 0 4 _aBF1708.8.T8
_bK37 2003
090 0 4 _aBF1708.8.T8
_bK37 2003
100 1 _aYalçın, Ayhan
245 1 0 _aDerlenmiş ve denenmiş astroloji
_h[electronic resource] /
_cAyhan Yalçın ; Selim Yalçın
250 _a1. bs.
260 _aİstanbul :
_bGeçit Kitabevi,
_c2003
300 _a544 p.
650 4 _aAstronomi ve Uzay
650 4 _aAstronomy & Space Sciences
650 0 _aAstroloji
650 0 _aAstrology
650 7 _aBODY, MIND & SPIRIT / Divination / Tarot
_2bisacsh
700 1 _aYalçın, Selim
856 4 0 _uhttp://search.ebscohost.com/login.aspx?direct=true&scope=site&db=e011xww&AN=588516
999 _c1207
_d1207